000
00271nam a22001097a 4500
008
170126b xxu||||| |||| 00| 0 eng d
020
_a
9780323428224
041
_a
eng
080
_a
61
245
_a
CHRONIC OBSTRUCTIVE PULMONARY DISEASE
_c
HEIDELBAUGH, J.J
942
_2
udc
_c
BK
999
_c
3773
_d
3773